Loading...
| History - European | 0 | 6 | 1 | 1 | 55 | 52 | 76.00 | 1 | 4 | 24.32 | 40.53 |
| Religion | 0 | 5 | 0 | 3 | 50 | 76 | 97.20 | 0 | 2 | 10.21 | 28.81 |
| Mythology | 0 | 3 | 0 | 0 | 30 | 17 | 44.33 | 2 | 3 | 20.26 | 26.50 |
| History - Other | 0 | 3 | 0 | 0 | 30 | 51 | 57.33 | 1 | 2 | 16.08 | 24.89 |
| Fine Arts - Classical Music | 0 | 3 | 1 | 1 | 25 | 12 | 79.67 | 1 | 1 | 10.99 | 14.92 |
| Social Science | 0 | 3 | 1 | 1 | 25 | 25 | 63.00 | 1 | 2 | 14.09 | 18.00 |
| History - World | 0 | 2 | 0 | 1 | 20 | 33 | 79.00 | 1 | 1 | 7.34 | 11.00 |
| Science - Chemistry | 0 | 2 | 0 | 0 | 20 | 51 | 58.50 | 1 | 2 | 10.81 | 18.89 |
| Fine Arts - Visual | 0 | 2 | 1 | 1 | 15 | 100 | 103.00 | 0 | 1 | 3.99 | 11.75 |
| History - American | 0 | 2 | 1 | 0 | 15 | 91 | 102.00 | 0 | 1 | 3.45 | 11.53 |
| Fine Arts - Other | 0 | 1 | 0 | 0 | 10 | 119 | 119.00 | 0 | 0 | 0.25 | 2.73 |
| Literature - American | 0 | 1 | 0 | 0 | 10 | 131 | 131.00 | 0 | 0 | 0.08 | 3.75 |
| Literature - British | 0 | 1 | 0 | 1 | 10 | 119 | 119.00 | 0 | 0 | 1.44 | 2.00 |
| Geography/Current Events | 0 | 1 | 0 | 0 | 10 | 69 | 69.00 | 0 | 0 | 7.32 | 11.67 |
| Science - Physics | 0 | 1 | 0 | 0 | 10 | 61 | 61.00 | 1 | 1 | 4.25 | 10.00 |
| Science - Other | 0 | 1 | 1 | 0 | 5 | 60 | 60.00 | 0 | 1 | 4.64 | 7.00 |
| Science - Biology | 0 | 1 | 2 | 0 | 0 | 65 | 65.00 | 0 | 1 | 5.19 | 7.50 |